<The> economics of innovation <an> introduction

Enregistré dans:
Détails bibliographiques
Auteur principal: Swann, G.M. Peter
Format: Livre
Langue:anglais
Publié: Cheltenham Edward Elgar 2009
Sujets:
Tags: Ajouter un tag
Pas de tags, Soyez le premier à ajouter un tag!

MARC

LEADER 00000nam$a2200000$$$4500
001 0100513
005 20240325110933.6
020 |a 978-1-84844-027-2 
041 0 |a eng 
044 |a GB 
245 1 0 |a <The> economics of innovation  |b <an> introduction  |c G.M. Peter Swann 
264 1 |a Cheltenham  |b Edward Elgar  |c 2009 
300 |a 301 s. 
610 2 0 |a inovácia 
610 2 0 |a koncepcie 
610 2 0 |a ekonómia 
610 2 0 |a oceňovanie 
610 2 0 |a firmy 
610 2 0 |a efektívnosť inovácií 
610 2 0 |a spotrebitelia 
610 2 0 |a obchod 
610 2 0 |a konkurencieschopnosť 
100 1 |a Swann, G.M. Peter